000 00897cam a22002771 4500
001 31236
003 BD-RjUL
005 20211209051657.0
008 140413s1941 enk 000 0 eng d
035 _a(BD-RjUL)31323
035 _a(OCoLC)938248
040 _aDLC
_cOTU
_dFTaSU
_dOCoLC
_dDLC
_dBD-RjUL
_beng
041 1 _aengpli
082 0 0 _a294.3
_bDAP 1941
100 1 _aDavids, Caroline A. F. Rhys
_q(Caroline Augusta Foley Rhys),
_d1857-1942.
_995044
245 1 0 _aPoems of cloister and jungle :
_ba Buddhist anthology /
_cby Mrs. Rhys Davids.
260 _aLondon :
_bJ. Murray,
_c1941.
300 _a128 p. ;
_c18 cm.
500 _a"First edition, 1941."
650 0 _aBuddhism
_xSacred books.
_995045
650 0 _aPali poetry
_xTranslations into English.
_995046
942 _2ddc
_cBK
999 _c31236
_d31236